Building services handbook / (Record no. 8785)
[ view plain ]
| 000 -LEADER | |
|---|---|
| fixed length control field | 01232cac a22003375a 4500 |
| 008 - FIXED-LENGTH DATA ELEMENTS--GENERAL INFORMATION | |
| fixed length control field | 090126t2007 enka fr f001 0 eng d |
| 010 ## - LIBRARY OF CONGRESS CONTROL NUMBER | |
| LC control number | 2006205014 |
| 020 ## - INTERNATIONAL STANDARD BOOK NUMBER | |
| International Standard Book Number | 0750682205 |
| 020 ## - INTERNATIONAL STANDARD BOOK NUMBER | |
| International Standard Book Number | 9780750682206 |
| 035 ## - SYSTEM CONTROL NUMBER | |
| System control number | (OCoLC)ocm69174324 |
| 040 ## - CATALOGING SOURCE | |
| Original cataloging agency | EG-ScBUE |
| Language of cataloging | eng |
| Transcribing agency | EG-ScBUE |
| 082 04 - DEWEY DECIMAL CLASSIFICATION NUMBER | |
| Classification number | 690 |
| Item number | HAL |
| Edition number | 22 |
| 100 1# - MAIN ENTRY--PERSONAL NAME | |
| Personal name | Hall,Fred. |
| 245 10 - TITLE STATEMENT | |
| Title | Building services handbook / |
| Statement of responsibility, etc | Fred Hall and Roger Greeno. |
| 250 ## - EDITION STATEMENT | |
| Edition statement | 4th ed. |
| 260 ## - PUBLICATION, DISTRIBUTION, ETC. (IMPRINT) | |
| Place of publication, distribution, etc | Oxford : |
| Name of publisher, distributor, etc | Butterworth-Heinemann / Elsevier, |
| Date of publication, distribution, etc | c.2007. |
| 300 ## - PHYSICAL DESCRIPTION | |
| Extent | 560 p. : |
| Other physical details | ill. ; |
| Dimensions | 24 cm. |
| 500 ## - GENERAL NOTE | |
| General note | Index: p. 551-560. |
| 500 ## - GENERAL NOTE | |
| General note | "Incorporating current building & construction regulations."--Cover. |
| 590 ## - LOCAL NOTE (RLIN) | |
| Local note | Mohamed Hussein<br/>Reviewed by: Wessam |
| 650 #0 - SUBJECT ADDED ENTRY--TOPICAL TERM | |
| Topical term or geographic name as entry element | Building |
| Form subdivision | Handbooks, manuals, etc. |
| Source of heading or term | BUEsh |
| 650 #0 - SUBJECT ADDED ENTRY--TOPICAL TERM | |
| Topical term or geographic name as entry element | Building |
| Geographic subdivision | Great Britain |
| Form subdivision | Handbooks, manuals, etc. |
| Source of heading or term | BUEsh |
| 650 #0 - SUBJECT ADDED ENTRY--TOPICAL TERM | |
| Topical term or geographic name as entry element | Facility management |
| Form subdivision | Handbooks, manuals, etc. |
| Source of heading or term | BUEsh |
| 650 #0 - SUBJECT ADDED ENTRY--TOPICAL TERM | |
| Topical term or geographic name as entry element | Buildings |
| General subdivision | Environmental engineering |
| Form subdivision | Handbooks, manuals, etc. |
| Source of heading or term | BUEsh |
| 650 #0 - SUBJECT ADDED ENTRY--TOPICAL TERM | |
| Topical term or geographic name as entry element | Heating--Equipment and supplies--Design and construction |
| Source of heading or term | BUEsh |
| 651 ## - SUBJECT ADDED ENTRY--GEOGRAPHIC NAME | |
| Source of heading or term | BUEsh |
| 653 ## - INDEX TERM--UNCONTROLLED | |
| Resource For college | Engineering, Civil |
| 655 ## - INDEX TERM--GENRE/FORM | |
| Form subdivision | |
| -- | 34232 |
| 700 1# - ADDED ENTRY--PERSONAL NAME | |
| Personal name | Greeno, Roger |
| 942 ## - ADDED ENTRY ELEMENTS (KOHA) | |
| Item type | NB - Book (Non borrowing) |
| Call number prefix | 690 HAL |
| Source of classification or shelving scheme | Dewey Decimal Classification |
| Withdrawn status | Item status | Source of classification or shelving scheme | Damaged status | Not for loan | Vendor | Home library | Current library | Shelving location | Date acquired | Source of acquisition | Cost, normal purchase price | Total Checkouts | Total Renewals | Full call number | Barcode | Date last seen | Date last borrowed | Koha item type | Serial Enumeration / chronology |
|---|---|---|---|---|---|---|---|---|---|---|---|---|---|---|---|---|---|---|---|
| Dewey Decimal Classification | Central Library | Central Library | First floor | 15/09/2015 | 264.00 | 7 | 19 | 690 HAL | 000010741 | 15/07/2025 | 09/10/2021 | Book - Borrowing | |||||||
| Dewey Decimal Classification | Alahram | Central Library | Central Library | First floor | 15/09/2015 | 220.90 | 4 | 60 | 690 HAL | 000014451 | 15/07/2025 | 26/03/2019 | Book - Borrowing | 6470 | |||||
| Dewey Decimal Classification | Baccah | Central Library | Central Library | First floor | 15/09/2015 | 264.00 | 690 HAL | 000014869 | 15/07/2025 | NB - Book (Non borrowing) | 7117 | ||||||||
| Dewey Decimal Classification | Central Library | Central Library | First floor | 15/09/2015 | 4 | 33 | 690 HAL | 000015824 | 15/07/2025 | 02/12/2014 | Book - Borrowing |